| 000 | 00589nam a2200181Ia 4500 | ||
|---|---|---|---|
| 008 | 210719s2001 xx 000 0 und d | ||
| 020 | _a81 7033 413 7 | ||
| 041 | _aeng | ||
| 082 | _a361.954 AHUS | ||
| 100 | _aAHUJA (Ram). | ||
| 245 | _aSocial problems in India. Ed.2 | ||
| 250 | _a2 | ||
| 260 |
_aJaipur. _bRawat Publications., _c2001 |
||
| 300 |
_axii,508 _bPB |
||
| 365 |
_b150 _cRs |
||
| 650 | _aIndian Social Problems | ||
| 906 | _aPoverty Unemployment Communalism Youth unrest Child labour Violence against women Illiteracy Juvenile delinquency Terrorism Drug abuse Black money | ||
| 999 |
_c211712 _d211712 |
||